| 000 | 00778nam a22001937a 4500 | ||
|---|---|---|---|
| 999 |
_c19452 _d19452 |
||
| 003 | AR-CdUCM | ||
| 008 | 190517b ||||| |||| 00| 0 spa d | ||
| 040 |
_aMUNICIPALIDAD PROVINCIAL DEL CUSCO _cBIBLIOTECA MUNICIPAL DEL CUSCO |
||
| 082 |
_a869.503 / _bAR66 |
||
| 100 |
_aAragon Candia, Jorge Isaac _92363 |
||
| 245 | _aPitumarka reencarnación del elegido / | ||
| 260 |
_aCusco : _bMunicipalidad del cusco, _c1993. |
||
| 300 |
_a171 paginas ; _bIlustraciones, graficos, dibujos, _c22 cm. |
||
| 505 | _aContenido: El altomisayoc -- Educación de un altomisayoc -- Los designios del dios sol -- El saber no tiene edad -- La adversidad prepara al fuerte... | ||
| 650 |
_aPitumarka _940783 |
||
| 650 |
_aReencarnación _923578 |
||
| 942 |
_2ddc _cLIBROS |
||
| 945 |
_apjha _d2019-05-17 |
||